Statistics for World Cup 2014 Players by Letters - G

Click here to take the quiz!

General Stats

  • This quiz has been taken 34 times
  • The average score is 12 of 43

Answer Stats

TeamPlayer% Correct
EnglandSteven Gerrard
62%
Alvaro Gonzalez
54%
UruguayDiego Godin
54%
Costa RicaGiancarlo Gonzalez
54%
Mario Götze
54%
Omar Gonzalez
54%
Gervinho
50%
GhanaAsamoah Gyan
46%
Olivier Giroud
46%
FranceAntoine Griezmann
35%
ArgentinaFernando Gago
35%
ColombiaFredy Guarin
35%
BrazilLuiz Gustavo
35%
MexicoAndrés Guardado
31%
HondurasJuan Carlos Garcia
31%
Oscar Garcia
31%
ArgentinaEzequiel Garay
27%
Cristian Gamboa
23%
ChileFelipe Gutierrez
23%
José Gimenez
23%
Julian Green
23%
Matthias Ginter
23%
Teofilo Gutierrez
23%
Theofanis Gekas
23%
AlgeriaFaouzi Ghoulam
19%
GermanyKevin Grosskreutz
19%
Max Gradel
19%
IranReza Ghoochannejhad
19%
JapanShuichi Gonda
19%
Walter Gargano
19%
EcuadorJorge Guagua
15%
USABrad Guzan
12%
Carlos Gruezo
12%
Denis Glouchakov
12%
Esteban Granados
12%
AustraliaEugene Galekovic
12%
Luis Garrido
12%
SwitzerlandMario Gavranovic
12%
Nabil Ghilas
12%
GreecePanagiotis Glikos
12%
NigeriaReuben Gabriel
12%
Ivory CoastSylvain Gbohouo
12%
RussiaVladimir Granat
12%

Score Distribution

Percentile by Number Answered

Percent of People with Each Score

Your Score History

You have not taken this quiz